| 000 | 01269nam a22003017a 4500 | ||
|---|---|---|---|
| 003 | DO-SdBNP | ||
| 005 | 20221122073621.0 | ||
| 008 | 171101b 2002 dr 00| 0 spa d | ||
| 020 | _a9993430375 | ||
| 040 |
_aBPMSU _bspa _cBPMSU |
||
| 082 |
_aR016.3397293 _bB582e 2002 _222 |
||
| 245 | 0 | 0 |
_aBibliografía económica dominicana 1999-2000 / _cCompilada por la Biblioteca del Banco Central de la República Dominicana. |
| 260 |
_aSanto Domingo : _bBanco Central de la República Dominicana, _c2002. |
||
| 300 |
_axxx, 313 p. ; _c23 cm. |
||
| 490 | 0 |
_aBanco Central de la República Dominicana ; _v45/6 |
|
| 490 | 1 |
_aBibliografía _v6 |
|
| 500 | _aIncluye índices | ||
| 590 | _aInventariado, 2022/VM | ||
| 650 | _aRepública Dominicana -- Condiciones Económicas -- 2001-2002 -- Bibliografías | República Dominicana -- Política Económica -- 2001-2002 -- Bibliografías | ||
| 651 | 4 |
_aRepública Dominicana _xCondiciones Económicas _y1999-2000 _vBibliografías |
|
| 651 | 4 |
_aRepública Dominicana _xPolítica Económica _y1999-2000 _vBibliografías |
|
| 710 | 2 | _aBanco Central (República Dominicana) | |
| 830 | 0 |
_aBibliografía _n6 |
|
| 910 | _aVMateo V./Validado | ||
| 942 |
_2ddc _cBK |
||
| 945 | _aInventariado, 2018 /LP | ||
| 956 |
_aBTAVAREZ _b10 _c20170111 _d0038 |
||
| 999 |
_c12742 _d12742 |
||